Online Catalogue and eLibrary

Cultural semiosis : (Record no. 738)

MARC details
000 -LEADER
fixed length control field 00422nam a2200169Ia 4500
005 - DATE AND TIME OF LATEST TRANSACTION
control field 20240701054208.0
008 - FIXED-LENGTH DATA ELEMENTS--GENERAL INFORMATION
fixed length control field 240331s9999 xx 000 0 und d
020 ## - INTERNATIONAL STANDARD BOOK NUMBER
ISBN 041591955X
082 ## - DDC Classification
Class No. 149.4
Item Number - Author Mark CUL
245 #0 - TITLE STATEMENT
Title Cultural semiosis :
Remainder of title tracing the signifier
260 ## - PUBLICATION, DISTRIBUTION, ETC.
Place of publication, distribution, etc. New york
Name of publisher, distributor, etc. Routledge
Date of publication, distribution, etc. 1998
300 ## - PHYSICAL DESCRIPTION
Extent (e.g. Volumes, Pages etc.) ix, 325 p .,
650 ## - SUBJECT ADDED ENTRY--TOPICAL TERM
Topical term or geographic name entry element Philosophy
650 ## - SUBJECT ADDED ENTRY--TOPICAL TERM
Topical term or geographic name entry element Cultural
700 ## - ADDED ENTRY--PERSONAL NAME
Personal name Siverman, H.J
Relator term (Role) Editor
942 ## - Koha item type (Biblio)
Koha item type Books in Stacks (Lending)
Holdings
Lost status Damaged status Collection code Home library Current library Shelving location Date acquired Full call number Accession Number Item type
    Lending WERC Library WERC Library Social Science Cupboard 03/31/2024 149.4 CUL 2929 Books in Stacks (Lending)

© WERC Library